000 00694nam a2200205 a 4500
001 BRCA_7344
005 20190320205813.0
008 250113s2011----mx-a######---#000-0#spa-#
020 _a9686815317
041 _aspa
050 4 _bG35 2011
100 1 _aGaleana, Patricia
_9601
245 1 0 _aLa fascinación por el Imperio
_cPatricia Galeana ; edición e investigación iconográfica Gustavo Amézaga Heiras.
260 _aMéxico
_bCentro de Estudios de Historia de México Carso
_c2011
300 _a295 p.
_bil. (algunas a color)
_c32 cm.
500 _aIncluye notas biográficas
504 _aBibliografía: p. 283-289
700 1 _aAmézaga Heiras, Gustavo
_eed.
_918160
942 _2lcc
_cB
999 _c7020
_d7020